[Event "Milan Expo op"]
[Site "Milan"]
[Date "2015.06.28"]
[Round "9"]
[White "Burani, Eugenio"]
[Black "D'Avino, Gianfranco"]
[Result "1/2-1/2"]
[WhiteElo "1828"]
[BlackElo "2102"]
[PlyCount "74"]
[EventDate "2015.06.20"]
[EventType "swiss"]
[EventRounds "9"]
[EventCountry "ITA"]
[SourceTitle "CBM 167 Extra"]
[Source "ChessBase"]
[SourceDate "2015.09.14"]
[SourceVersion "1"]
[SourceVersionDate "2015.09.14"]
[SourceQuality "1"]

1. e4 e6 2. d4 d5 3. e5 c5 4. c3 Nc6 5. Nf3 Bd7 6. a3 f6 7. Bd3 fxe5 8. dxe5 c4 9. Bc2 Qc7 10. Bf4 g6 11. 0-0 Bg7 12. Re1 Nge7 13. Qd2 0-0 14. b4 cxb3 15. Bxb3 Na5 16. Ba2 Nc4 17. Bxc4 Qxc4 18. Bg3 Nf5 19. Nd4 Bh6 20. f4 Nxd4 21. cxd4 Rac8 22. Ra2 Bb5 23. Rb2 a5 24. Kh1 g5 25. Qxa5 Ba6 26. Bf2 Rxf4 27. Nd2 Qc3 28. Qxc3 Rxc3 29. Be3 Rf7 30. h4 Rxa3 31. hxg5 Bf8 32. Nf3 b5 33. g6 hxg6 34. Ng5 Re7 35. Rf2 Bh6 36. Rf6 Bg7 37. Rxg6 b4 1/2-1/2

[Event "Milan Palladino Memorial-A 7th"]
[Site "Milan"]
[Date "2015.04.06"]
[Round "7"]
[White "Podini, Francesco"]
[Black "Burani, Eugenio"]
[Result "1/2-1/2"]
[WhiteElo "2014"]
[BlackElo "1800"]
[PlyCount "88"]
[EventDate "2015.04.02"]
[EventType "swiss"]
[EventRounds "7"]
[EventCountry "ITA"]
[SourceTitle "EXT 2017"]
[Source "ChessBase"]
[SourceDate "2016.10.25"]
[SourceVersion "1"]
[SourceVersionDate "2016.10.25"]
[SourceQuality "1"]

1. d4 Nf6 2. Bf4 c5 3. c3 b6 4. Nf3 Bb7 5. h3 e6 6. e3 Be7 7. Nbd2 d5 8. a4 0-0 9. Bd3 Nc6 10. 0-0 Rc8 11. Qb1 h6 12. Bh2 Bd6 13. Ne5 Qe7 14. f4 Nd7 15. Qd1 Qe8 16. Ndf3 c4 17. Bc2 f5 18. Bg3 Ndxe5 19. Nxe5 Nxe5 20. fxe5 Bc7 21. Be1 a6 22. b3 Ra8 23. bxc4 dxc4 24. Qe2 b5 25. e4 f4 26. Qg4 g5 27. h4 Qg6 28. Bd2 h5 29. Qxg5 Qxg5 30. hxg5 Rf7 31. axb5 axb5 32. Rxa8+ Bxa8 33. Rxf4 Rxf4 34. Bxf4 Ba5 35. Bd2 Bb6 36. Kf2 b4 37. Ke3 b3 38. Bb1 Bc6 39. Kf4 Kg7 40. Kg3 Kg6 41. d5 Bd7 42. d6 Bc6 43. Kf3 Bd7 44. Ke2 Bc5 1/2-1/2

[Event "Robecchetto op-B 25th"]
[Site "Robecchetto"]
[Date "2014.12.27"]
[Round "3"]
[White "Mossolani, Marcello"]
[Black "Burani, Eugenio"]
[Result "1/2-1/2"]
[WhiteElo "1750"]
[BlackElo "1837"]
[PlyCount "63"]
[EventDate "2014.12.26"]
[EventType "swiss"]
[EventRounds "6"]
[EventCountry "ITA"]
[SourceTitle "EXT 2017"]
[Source "ChessBase"]
[SourceDate "2016.10.25"]
[SourceVersion "1"]
[SourceVersionDate "2016.10.25"]
[SourceQuality "1"]

1. e4 c5 2. g3 Nc6 3. Bg2 Nf6 4. Ne2 g6 5. 0-0 Bg7 6. Nbc3 0-0 7. d3 d6 8. h3 Bd7 9. g4 a6 10. f4 Rb8 11. Ng3 b5 12. g5 Ne8 13. Nce2 Qb6 14. Kh1 Nd4 15. c3 Nxe2 16. Qxe2 b4 17. c4 Qd8 18. Be3 Qc8 19. Kh2 a5 20. Rf2 f6 21. Raf1 Bc6 22. f5 fxg5 23. fxg6 hxg6 24. Rxf8+ Bxf8 25. Bxg5 Qe6 26. h4 Bd7 27. Qf2 Bg7 28. e5 Nc7 29. exd6 exd6 30. Re1 Be5 31. Rf1 Bg7 32. Re1 1/2-1/2

[Event "Milan Crespi op-C 35th"]
[Site "Milan"]
[Date "2014.12.07"]
[Round "5"]
[White "Lavorgna, Filippo"]
[Black "Burani, Eugenio"]
[Result "1-0"]
[WhiteElo "1739"]
[BlackElo "1837"]
[PlyCount "105"]
[EventDate "2014.12.04"]
[EventType "swiss"]
[EventRounds "7"]
[EventCountry "ITA"]
[SourceTitle "EXT 2017"]
[Source "ChessBase"]
[SourceDate "2016.10.25"]
[SourceVersion "1"]
[SourceVersionDate "2016.10.25"]
[SourceQuality "1"]

1. Nf3 Nf6 2. c4 c5 3. Nc3 Nc6 4. g3 g6 5. Bg2 Bg7 6. 0-0 0-0 7. d4 cxd4 8. Nxd4 Nxd4 9. Qxd4 d6 10. e4 Ng4 11. Qd2 Bd7 12. h3 Ne5 13. b3 Qc8 14. Kh2 Bxh3 15. f4 Bxg2 16. Kxg2 Ng4 17. Bb2 Qc5 18. Nd1 Bxb2 19. Qxb2 Rac8 20. Qe2 h5 21. Qd3 b5 22. cxb5 Qc2+ 23. Qxc2 Rxc2+ 24. Kg1 Rfc8 25. Re1 Rd2 26. Ne3 Nxe3 27. Rxe3 Rcc2 28. a4 Kf8 29. a5 Rg2+ 30. Kf1 Rcf2+ 31. Ke1 Rg1+ 32. Kxf2 Rxa1 33. b4 Rb1 34. Ra3 Rxb4 35. b6 a6 36. Rc3 Kg7 37. Rc7 Rb5 38. Rc8 Kf6 39. Ra8 Ke6 40. Rxa6 Kd7 41. Ra7+ Kc8 42. Ke3 Kb8 43. Kd4 Rb3 44. Rxe7 Ra3 45. Kd5 Rxa5+ 46. Kxd6 Ra3 47. Rxf7 Rxg3 48. e5 Rd3+ 49. Kc6 Rc3+ 50. Kd5 Rd3+ 51. Ke4 Rd8 52. e6 Re8 53. Ke5 1-0

[Event "Milan Crespi op-C 35th"]
[Site "Milan"]
[Date "2014.12.05"]
[Round "2"]
[White "Burani, Eugenio"]
[Black "Nordio, Giorgio"]
[Result "1/2-1/2"]
[WhiteElo "1837"]
[BlackElo "1766"]
[PlyCount "85"]
[EventDate "2014.12.04"]
[EventType "swiss"]
[EventRounds "7"]
[EventCountry "ITA"]
[SourceTitle "EXT 2017"]
[Source "ChessBase"]
[SourceDate "2016.10.25"]
[SourceVersion "1"]
[SourceVersionDate "2016.10.25"]
[SourceQuality "1"]

1. e4 c6 2. d4 d5 3. Nc3 dxe4 4. Nxe4 Bf5 5. Ng3 Bg6 6. h4 h6 7. Nf3 Nd7 8. h5 Bh7 9. Bd3 Bxd3 10. Qxd3 Qc7 11. Bd2 e6 12. 0-0-0 0-0-0 13. Ne4 Ngf6 14. g3 Nxe4 15. Qxe4 Nf6 16. Qe2 Bd6 17. c4 Rhe8 18. Bc3 Qe7 19. Ne5 Rf8 20. a3 Nd7 21. Nd3 Rfe8 22. f4 Qf8 23. Qc2 Kb8 24. b4 Be7 25. Qb3 Kc7 26. a4 b6 27. Kc2 Rb8 28. Ra1 Rec8 29. Rae1 Nf6 30. d5 cxd5 31. cxd5 Nxd5 32. Be5+ Bd6 33. Kb2 Bxe5+ 34. Nxe5 Qxb4 35. Nxf7 Qxb3+ 36. Kxb3 Kd7 37. Rd1 Rc3+ 38. Kb2 Rxg3 39. f5 Rg2+ 40. Kb3 Rg3+ 41. Kb2 Rg2+ 42. Kb3 Rg3+ 43. Kb2 1/2-1/2

[Event "Milan Giugno A"]
[Site "Milan"]
[Date "2014.06.01"]
[Round "4"]
[White "Giaretta, Fulvio"]
[Black "Burani, Eugenio"]
[Result "1-0"]
[WhiteElo "1809"]
[BlackElo "1816"]
[PlyCount "117"]
[EventDate "2014.05.29"]
[EventType "swiss"]
[EventRounds "6"]
[EventCountry "ITA"]
[SourceTitle "EXT 2024"]
[Source "ChessBase"]
[SourceDate "2023.10.10"]
[SourceVersion "1"]
[SourceVersionDate "2023.10.10"]
[SourceQuality "1"]

1. e4 c5 2. Nf3 Nc6 3. d4 cxd4 4. Nxd4 Nf6 5. Nc3 e5 6. Ndb5 d6 7. Bg5 a6 8. Bxf6 gxf6 9. Na3 b5 10. Nd5 Bg7 11. Bd3 Ne7 12. Nxe7 Qxe7 13. c4 b4 14. Qa4+ Bd7 15. Qxb4 0-0 16. 0-0 Bh6 17. Qc3 Kh8 18. Nc2 Rg8 19. Rfd1 f5 20. exf5 Bc6 21. g3 Bf3 22. Re1 Qg5 23. Be4 Bxe4 24. Rxe4 Qxf5 25. Re2 Bg7 26. Ne3 Qh5 27. Qc2 Bf8 28. Rd1 Rg5 29. Ng2 f6 30. Red2 Rg6 31. Qe4 Rc8 32. b3 Rg7 33. Nh4 Rg5 34. Qb7 Re8 35. Kh1 Rg7 36. Qxa6 f5 37. Qc6 Be7 38. Nxf5 Rgg8 39. Nxe7 Rxe7 40. Qxd6 Qf3+ 41. Kg1 Rge8 42. Qd5 Qf5 43. f3 Qg6 44. Qe4 Qh6 45. Kg2 Qa6 46. a4 Qb6 47. Qd3 Kg8 48. Qc3 e4 49. fxe4 Rxe4 50. Qf3 R4e5 51. Rf2 Qc7 52. Rd5 R5e7 53. Rg5+ Rg7 54. Rxg7+ Kxg7 55. c5 Rd8 56. b4 Qe7 57. b5 Rd4 58. c6 Rxa4 59. Qc3+ 1-0

[Event "Milan Giugno A"]
[Site "Milan"]
[Date "2014.05.31"]
[Round "3"]
[White "Burani, Eugenio"]
[Black "Vezzosi, Paolo"]
[Result "1/2-1/2"]
[WhiteElo "1816"]
[BlackElo "2300"]
[PlyCount "80"]
[EventDate "2014.05.29"]
[EventType "swiss"]
[EventRounds "6"]
[EventCountry "ITA"]
[SourceTitle "EXT 2024"]
[Source "ChessBase"]
[SourceDate "2023.10.10"]
[SourceVersion "1"]
[SourceVersionDate "2023.10.10"]
[SourceQuality "1"]

1. e4 c5 2. Nf3 Nc6 3. d4 cxd4 4. Nxd4 Qc7 5. Nc3 e6 6. Ndb5 Qb8 7. Be3 Nf6 8. Be2 a6 9. Nd4 b5 10. Nxc6 dxc6 11. Bf3 e5 12. Qd3 Be6 13. b3 Qc7 14. 0-0 Bb4 15. Rad1 0-0 16. Nb1 a5 17. a3 Be7 18. h3 a4 19. Bc1 axb3 20. cxb3 Nd7 21. Qe3 Rfb8 22. Bg4 Nc5 23. Bxe6 Nxe6 24. Bb2 Bc5 25. Qf3 Nf4 26. Qg4 Rb7 27. Rd2 Ne6 28. Rc1 Bd4 29. b4 Qb6 30. Bxd4 Nxd4 31. Rc3 Re7 32. Rg3 g6 33. h4 Re6 34. Rc3 Rae8 35. Rg3 Qa7 36. Rc3 Rf6 37. g3 h5 38. Qd1 Rd8 39. Kg2 Rfd6 40. Rcd3 Qa8 1/2-1/2

[Event "Milan Giugno A"]
[Site "Milan"]
[Date "2014.05.30"]
[Round "2"]
[White "Prevedello, Daniele"]
[Black "Burani, Eugenio"]
[Result "0-1"]
[WhiteElo "1815"]
[BlackElo "1816"]
[PlyCount "46"]
[EventDate "2014.05.29"]
[EventType "swiss"]
[EventRounds "6"]
[EventCountry "ITA"]
[SourceTitle "EXT 2024"]
[Source "ChessBase"]
[SourceDate "2023.10.10"]
[SourceVersion "1"]
[SourceVersionDate "2023.10.10"]
[SourceQuality "1"]

1. d4 Nf6 2. c4 c5 3. Nf3 e6 4. Nc3 Na6 5. d5 exd5 6. cxd5 d6 7. e4 Nc7 8. Bd3 g6 9. 0-0 Bg7 10. Bg5 0-0 11. Re1 Re8 12. Qc2 h6 13. Bh4 g5 14. Bg3 Nh5 15. Rad1 Nxg3 16. hxg3 Bg4 17. Rd2 a6 18. Re3 b5 19. e5 dxe5 20. d6 Ne6 21. d7 Re7 22. Nd5 Nd4 23. Bh7+ Kf8 0-1

[Event "Ceriano Laghetto op-B 23rd"]
[Site "Ceriano Laghetto"]
[Date "2014.03.14"]
[Round "1"]
[White "Burani, Eugenio"]
[Black "Biava, Pierluigi"]
[Result "1/2-1/2"]
[WhiteElo "1822"]
[BlackElo "1667"]
[PlyCount "76"]
[EventDate "2014.03.14"]
[EventType "swiss"]
[EventRounds "5"]
[EventCountry "ITA"]
[SourceTitle "EXT 2015"]
[Source "ChessBase"]
[SourceDate "2014.11.20"]
[SourceVersion "1"]
[SourceVersionDate "2014.11.20"]
[SourceQuality "1"]

1. e4 c5 2. Nf3 e6 3. d4 cxd4 4. Nxd4 a6 5. c4 Qc7 6. Be2 Nf6 7. Nc3 Nc6 8. 0-0 d6 9. Be3 Bd7 10. Rc1 Rc8 11. f4 h5 12. Nxc6 Bxc6 13. Nd5 Qa5 14. Bb6 Qxa2 15. Nc7+ Kd7 16. e5 Ne8 17. Nxe8 Rxe8 18. b4 Rc8 19. Bf3 Be7 20. Rf2 Qa4 21. exd6 Qxd1+ 22. Rxd1 Bxf3 23. Rxf3 Bd8 24. Bxd8 Rhxd8 25. c5 Rc6 26. Ra3 Rh8 27. Rg3 g6 28. Rg5 Rhc8 29. Ra1 Ra8 30. Ra5 b6 31. cxb6 Rxb6 32. b5 Rxd6 33. Rc5 Rb6 34. bxa6 Rbxa6 35. Rab5 Ke7 36. Rc7+ Kf6 37. Rbb7 Rf8 38. Kf2 Ra2+ 1/2-1/2

[Event "Lombardia Region-ch"]
[Site "Saronno"]
[Date "2013.05.25"]
[Round "2"]
[White "Burani, Eugenio"]
[Black "Botta, Massimiliano"]
[Result "1-0"]
[WhiteElo "1876"]
[BlackElo "1622"]
[PlyCount "51"]
[EventDate "2013.05.24"]
[EventType "swiss"]
[EventRounds "5"]
[EventCountry "ITA"]
[SourceTitle "EXT 2015"]
[Source "ChessBase"]
[SourceDate "2014.11.20"]
[SourceVersion "1"]
[SourceVersionDate "2014.11.20"]
[SourceQuality "1"]

1. e4 c5 2. Nf3 d6 3. d4 cxd4 4. Nxd4 Nf6 5. Nc3 g6 6. Be2 Bg7 7. 0-0 0-0 8. Be3 Nc6 9. h3 Bd7 10. Qd2 Rc8 11. Rad1 Ne5 12. b3 Qa5 13. Nd5 Qxd2 14. Nxe7+ Kh8 15. Bxd2 Rce8 16. Nd5 Nxe4 17. Bb4 Nc5 18. Nb5 Nc6 19. Nxd6 Nxb4 20. Nxe8 Nxd5 21. Rxd5 Rxe8 22. Rxc5 Rxe2 23. Rd1 Bc6 24. Rd8+ Re8 25. Rxe8+ Bxe8 26. Rc8 1-0

[Event "Ceriano Laghetto op-B 22nd"]
[Site "Ceriano Laghetto"]
[Date "2013.03.03"]
[Round "5"]
[White "Rossi, Giampiero"]
[Black "Burani, Eugenio"]
[Result "1/2-1/2"]
[WhiteElo "1909"]
[BlackElo "1870"]
[PlyCount "68"]
[EventDate "2013.03.01"]
[EventType "swiss"]
[EventRounds "5"]
[EventCountry "ITA"]
[SourceTitle "EXT 2024"]
[Source "ChessBase"]
[SourceDate "2023.10.10"]
[SourceVersion "1"]
[SourceVersionDate "2023.10.10"]
[SourceQuality "1"]

1. d4 Nf6 2. c4 c5 3. dxc5 Qa5+ 4. Nc3 Qxc5 5. e4 d6 6. Be3 Qa5 7. f3 g6 8. Qd2 Bg7 9. Nge2 Nc6 10. Nd4 Bd7 11. Be2 Rc8 12. Rc1 a6 13. 0-0 0-0 14. Rfd1 Ne5 15. b3 Nc6 16. Nxc6 bxc6 17. Nd5 Qxd2 18. Nxf6+ Bxf6 19. Rxd2 c5 20. f4 Bc6 21. Bf3 h5 22. Kf2 Kg7 23. Rd3 Kh7 24. Rcd1 Rg8 25. Bd2 Bd4+ 26. Ke2 Rge8 27. Bc3 e5 28. fxe5 dxe5 29. Kd2 f5 30. Re1 Rcd8 31. Bxd4 cxd4 32. Kc2 Kg7 33. Rd2 Kf6 34. Kd3 g5 1/2-1/2

[Event "Monza e Brianza Province-ch"]
[Site "Barlassina"]
[Date "2013.02.??"]
[Round "?"]
[White "Burani, Eugenio"]
[Black "Ronconi, Fausto"]
[Result "1-0"]
[WhiteElo "1860"]
[BlackElo "1697"]
[PlyCount "75"]
[EventDate "2013.02.01"]
[EventType "swiss"]
[EventRounds "5"]
[EventCountry "ITA"]
[SourceTitle "EXT 2014"]
[Source "ChessBase"]
[SourceDate "2013.11.20"]
[SourceVersion "1"]
[SourceVersionDate "2013.11.20"]
[SourceQuality "1"]

1. e4 e6 2. d4 d5 3. e5 c5 4. c3 Nc6 5. Nf3 Bd7 6. a3 Rc8 7. Be2 cxd4 8. cxd4 Qa5+ 9. Nbd2 Nb4 10. 0-0 Nc2 11. Rb1 Ba4 12. b3 Bb5 13. b4 Qa6 14. Bxb5+ Qxb5 15. Bb2 Qd3 16. Rc1 Ne7 17. Ne1 Nxe1 18. Rxc8+ Nxc8 19. Rxe1 Be7 20. Re3 Qb5 21. Rc3 0-0 22. Rc7 Bg5 23. Nf3 Bh6 24. Bc1 Bxc1 25. Qxc1 Nb6 26. Qc5 Qxc5 27. dxc5 Nc4 28. Rxb7 Nxa3 29. Rxa7 Nc2 30. b5 f6 31. b6 Nb4 32. b7 Nc6 33. Ra6 Rb8 34. Ra8 Kf7 35. Rxb8 Nxb8 36. Nd4 Ke7 37. c6 fxe5 38. c7 1-0

[Event "Arco op 34th"]
[Site "Arco"]
[Date "2012.10.19"]
[Round "7"]
[White "Knors, Rudi"]
[Black "Burani, Eugenio"]
[Result "1-0"]
[WhiteElo "2112"]
[BlackElo "1863"]
[PlyCount "83"]
[EventDate "2012.10.13"]
[EventType "swiss"]
[EventRounds "9"]
[EventCountry "ITA"]
[SourceTitle "EXT 2013"]
[Source "ChessBase"]
[SourceDate "2012.11.22"]
[SourceVersion "1"]
[SourceVersionDate "2012.11.22"]
[SourceQuality "1"]

1. e4 c5 2. Nf3 Nf6 3. Nc3 Nc6 4. d4 cxd4 5. Nxd4 e5 6. Nf3 a6 7. Bc4 Be7 8. 0-0 0-0 9. Bb3 b5 10. Qd3 h6 11. Be3 Ng4 12. Nd5 Nxe3 13. Nxe3 Re8 14. Qd5 Rf8 15. Nxe5 Qc7 16. Nxf7 Kh7 17. Rad1 Qf4 18. Qf5+ Qxf5 19. Nxf5 Bf6 20. c3 Na5 21. N7d6 Nxb3 22. axb3 Ra7 23. f4 g6 24. Nxc8 Rxc8 25. Nd6 Rc6 26. e5 Be7 27. Ne4 Kg7 28. Rd5 Rb6 29. Rfd1 Rbb7 30. g4 Rc7 31. f5 gxf5 32. gxf5 Kf7 33. R1d3 Rcb7 34. Rh3 Rb6 35. Rhd3 Rbb7 36. Nd6+ Bxd6 37. Rxd6 a5 38. Rxh6 a4 39. b4 a3 40. bxa3 Rxa3 41. Rh7+ Ke8 42. e6 1-0

[Event "Arco op 34th"]
[Site "Arco"]
[Date "2012.10.13"]
[Round "1"]
[White "Medancic, Rikard"]
[Black "Burani, Eugenio"]
[Result "1-0"]
[WhiteElo "2234"]
[BlackElo "1863"]
[PlyCount "61"]
[EventDate "2012.10.13"]
[EventType "swiss"]
[EventRounds "9"]
[EventCountry "ITA"]
[SourceTitle "EXT 2013"]
[Source "ChessBase"]
[SourceDate "2012.11.22"]
[SourceVersion "1"]
[SourceVersionDate "2012.11.22"]
[SourceQuality "1"]

1. d4 Nf6 2. Bg5 g6 3. Bxf6 exf6 4. e3 Bg7 5. g3 d5 6. Bg2 c6 7. Nd2 Be6 8. Ne2 Nd7 9. 0-0 0-0 10. Nf4 Rb8 11. c4 Nb6 12. cxd5 Nxd5 13. Nxe6 fxe6 14. Ne4 Re8 15. Qa4 a6 16. Rfd1 Qb6 17. Rd2 Bf8 18. Rc1 Qc7 19. Qb3 Kg7 20. Rdc2 Qf7 21. a3 e5 22. dxe5 Rxe5 23. Rxc6 Rd8 24. R6c2 b5 25. Rc6 a5 26. Rd1 Qe8 27. Qc2 f5 28. Ng5 h6 29. Nf3 Re6 30. Nd4 Rxc6 31. Nxc6 1-0

[Event "Ceriano Laghetto op-B 21st"]
[Site "Ceriano Laghetto"]
[Date "2012.03.??"]
[Round "2"]
[White "Coppola, Federico"]
[Black "Burani, Eugenio"]
[Result "1-0"]
[WhiteElo "1825"]
[BlackElo "1879"]
[PlyCount "101"]
[EventDate "2012.03.24"]
[EventType "swiss"]
[EventRounds "5"]
[EventCountry "ITA"]
[SourceTitle "EXT 2024"]
[Source "ChessBase"]
[SourceDate "2023.10.10"]
[SourceVersion "1"]
[SourceVersionDate "2023.10.10"]
[SourceQuality "1"]

1. e4 c5 2. Nf3 Nc6 3. d4 cxd4 4. Nxd4 a6 5. c4 e6 6. Nc3 Bb4 7. Nxc6 bxc6 8. Be3 Nf6 9. f3 0-0 10. e5 Ne8 11. Qb3 Qa5 12. Bd4 c5 13. Be3 Qc7 14. f4 d5 15. cxd5 exd5 16. Qxd5 Bb7 17. Qc4 Qc6 18. 0-0-0 Bxc3 19. Qxc3 Qa4 20. Qc4 Qc6 21. Kb1 Rc8 22. Rg1 Nc7 23. Rd6 Qe4+ 24. Qxe4 Bxe4+ 25. Ka1 a5 26. Bc4 Rfd8 27. Rgd1 Rxd6 28. exd6 Rd8 29. Bxc5 Ne8 30. Bb5 Bf5 31. Bxe8 Rxe8 32. a4 Bd7 33. Rd2 Re4 34. b3 f5 35. Kb2 Kf7 36. Kc3 Ke6 37. Bb6 Bc6 38. g3 Kd7 39. Bxa5 Re3+ 40. Kb2 Be4 41. Bc3 g6 42. Be5 Re1 43. b4 Rb1+ 44. Ka3 h6 45. a5 h5 46. Bb2 Re1 47. Ka4 Bb7 48. Kb5 Re8 49. Kb6 Be4 50. a6 Rb8+ 51. Ka5 1-0

[Event "Monza und Brianza Province-ch"]
[Site "Barlassina"]
[Date "2012.02.05"]
[Round "5"]
[White "Barberi, Alessandro"]
[Black "Burani, Eugenio"]
[Result "1/2-1/2"]
[WhiteElo "2060"]
[BlackElo "1878"]
[PlyCount "145"]
[EventDate "2012.02.03"]
[EventType "swiss"]
[EventRounds "5"]
[EventCountry "ITA"]
[SourceTitle "EXT 2024"]
[Source "ChessBase"]
[SourceDate "2023.10.10"]
[SourceVersion "1"]
[SourceVersionDate "2023.10.10"]
[SourceQuality "1"]

1. d4 Nf6 2. Nf3 c5 3. e3 g6 4. a3 b6 5. c4 e6 6. d5 exd5 7. cxd5 d6 8. b4 Nbd7 9. Bb2 Bg7 10. Nc3 0-0 11. Qb3 Bb7 12. Be2 Re8 13. 0-0 Qe7 14. Rad1 Rec8 15. b5 Re8 16. Rfe1 Ng4 17. Bf1 Nde5 18. Nxe5 Qxe5 19. g3 Qf5 20. Re2 Ne5 21. f4 c4 22. e4 Qg4 23. Qc2 Nf3+ 24. Kg2 Nd4 25. Rxd4 Bxd4 26. Na4 Bxb2 27. Nxb2 c3 28. Qxc3 Bxd5 29. Qd4 Bb7 30. Nc4 Qe6 31. Kg1 d5 32. Ne5 f6 33. Nc6 Bxc6 34. bxc6 Qxc6 35. exd5 Qc5 36. Qxc5 bxc5 37. Rc2 Red8 38. Rxc5 Rac8 39. Rb5 Rc7 40. a4 Kg7 41. a5 Rd6 42. Kf2 f5 43. Ke3 a6 44. Rb6 Rxd5 45. Rxa6 Rcc5 46. Ra7+ Kh6 47. a6 Rc3+ 48. Ke2 Ra3 49. Ke1 Rda5 50. Rd7 Ra1+ 51. Kf2 R5a2+ 52. Kg1 Rxa6 53. Rd2 R6a2 54. Rd3 Rb2 55. Re3 Raa2 56. h3 Ra1 57. Rf3 Kg7 58. Rf2 Rxf2 59. Kxf2 Ra3 60. Be2 Kf6 61. h4 h6 62. Bc4 Rc3 63. Bd5 g5 64. hxg5+ hxg5 65. fxg5+ Kxg5 66. Bf3 Ra3 67. Be2 Kf6 68. Bf3 Ke5 69. Bc6 Rc3 70. Bb7 Rc2+ 71. Kf3 Rc3+ 72. Kf2 Rc2+ 73. Kf3 1/2-1/2

[Event "Arco op 33rd"]
[Site "Arco"]
[Date "2011.10.29"]
[Round "8"]
[White "Savarese, Vincenzo"]
[Black "Burani, Eugenio"]
[Result "1-0"]
[WhiteElo "1805"]
[BlackElo "1932"]
[PlyCount "73"]
[EventDate "2011.10.22"]
[EventType "swiss"]
[EventRounds "9"]
[EventCountry "ITA"]
[SourceTitle "EXT 2012"]
[Source "ChessBase"]
[SourceDate "2011.11.24"]
[SourceVersion "1"]
[SourceVersionDate "2011.11.24"]
[SourceQuality "1"]

1. e4 c5 2. c3 Nf6 3. e5 Nd5 4. d4 cxd4 5. Nf3 d6 6. cxd4 Nc6 7. Bc4 e6 8. 0-0 Be7 9. Nc3 Nxc3 10. bxc3 dxe5 11. dxe5 0-0 12. Qe2 Bd7 13. Bb3 Qc7 14. Bc2 Rac8 15. Qc4 g6 16. Re1 Nb4 17. Bb3 Bc6 18. Qg4 Nd3 19. Bd2 Nxe1 20. Rxe1 Rcd8 21. Bh6 Bxf3 22. Qxf3 Rfe8 23. h4 Bf8 24. Bg5 Rc8 25. Re3 Be7 26. Bf6 Qc6 27. Qf4 Bxf6 28. exf6 Qc5 29. g4 h5 30. Re5 Qf8 31. gxh5 Rc5 32. hxg6 Rxe5 33. Qxe5 fxg6 34. Bxe6+ Kh7 35. h5 Qf7 36. Bxf7 Rxe5 37. hxg6+ 1-0

[Event "Porto San Giorgio op 23rd"]
[Site "Porto San Giorgio"]
[Date "2011.08.27"]
[Round "8"]
[White "Burani, Eugenio"]
[Black "Della Sala, Bruno"]
[Result "1/2-1/2"]
[WhiteElo "1943"]
[BlackElo "1818"]
[PlyCount "72"]
[EventDate "2011.08.21"]
[EventType "swiss"]
[EventRounds "9"]
[EventCountry "ITA"]
[SourceTitle "CBM 144 Extra"]
[Source "ChessBase"]
[SourceDate "2011.10.28"]
[SourceVersion "1"]
[SourceVersionDate "2011.10.28"]
[SourceQuality "1"]

1. e4 e5 2. Nf3 Nc6 3. Bc4 Nf6 4. d3 Bc5 5. c3 a6 6. Bb3 Ba7 7. 0-0 0-0 8. Bg5 h6 9. Bh4 d6 10. Nbd2 Bg4 11. h3 Be6 12. Bc2 Kh8 13. Re1 Rg8 14. Nf1 Qd7 15. d4 g5 16. Bg3 exd4 17. Nxd4 Rad8 18. Qf3 Kg7 19. Rad1 Nxd4 20. cxd4 g4 21. Qd3 Qb5 22. Qc3 Qc4 23. Qxc4 Bxc4 24. e5 dxe5 25. dxe5 Nh5 26. Rxd8 Rxd8 27. Bh4 Rd5 28. hxg4 Bxf1 29. Bb3 Rd2 30. Kxf1 Nf4 31. Re4 Nd3 32. Re2 Rxe2 33. Bf6+ Kf8 34. Kxe2 Nxf2 35. Kf3 Nd3 36. g3 Nc5 1/2-1/2

[Event "Porto San Giorgio op 23rd"]
[Site "Porto San Giorgio"]
[Date "2011.08.25"]
[Round "6"]
[White "Burani, Eugenio"]
[Black "Del Nevo, Claudio"]
[Result "1-0"]
[WhiteElo "1943"]
[BlackElo "1831"]
[PlyCount "123"]
[EventDate "2011.08.21"]
[EventType "swiss"]
[EventRounds "9"]
[EventCountry "ITA"]
[SourceTitle "CBM 144 Extra"]
[Source "ChessBase"]
[SourceDate "2011.10.28"]
[SourceVersion "1"]
[SourceVersionDate "2011.10.28"]
[SourceQuality "1"]

1. e4 d6 2. d4 Nf6 3. Nc3 c6 4. a4 a5 5. Bc4 g6 6. Qe2 Bg7 7. e5 dxe5 8. dxe5 Nd5 9. Nxd5 cxd5 10. Bb5+ Nc6 11. Bf4 0-0 12. 0-0-0 e6 13. h4 f6 14. exf6 Qxf6 15. Bd6 Qxb2+ 16. Kd2 Qc3+ 17. Kc1 Qb2+ 18. Kd2 Bh6+ 19. f4 Bxf4+ 20. Bxf4 Rxf4 21. Bd3 Qb4+ 22. Kc1 Qc3 23. Bb5 Nb4 24. Kb1 Qa3 25. Rh3 Qa2+ 26. Kc1 Qa1+ 27. Kd2 Qb2 28. Rc3 Rd4+ 29. Bd3 Rxd3+ 30. Rxd3 Qxc2+ 31. Ke1 Nxd3+ 32. Rxd3 Qxa4 33. Nf3 Bd7 34. Rd4 Qa1+ 35. Kf2 Rf8 36. Qe3 Qb2+ 37. Kg3 a4 38. h5 Qb1 39. Nh4 Rf1 40. Nf3 Qf5 41. hxg6 hxg6 42. Rf4 Qb1 43. Qc5 Rxf3+ 44. Rxf3 Qe1+ 45. Kh2 Qh4+ 46. Kg1 Qh8 47. Qc7 Qa1+ 48. Kh2 Qh8+ 49. Rh3 Qxh3+ 50. gxh3 Bc6 51. Qc8+ Kf7 52. Qc7+ Kf6 53. Qf4+ Ke7 54. Qe5 b5 55. Qc7+ Bd7 56. Qc5+ Kd8 57. h4 Ke8 58. Kg3 Kf7 59. Kf4 Be8 60. Kg5 Bd7 61. Qc7 Ke7 62. Kxg6 1-0

[Event "Porto San Giorgio op 23rd"]
[Site "Porto San Giorgio"]
[Date "2011.08.21"]
[Round "1"]
[White "Suvrajit, Saha"]
[Black "Burani, Eugenio"]
[Result "1-0"]
[WhiteElo "2362"]
[BlackElo "1943"]
[PlyCount "59"]
[EventDate "2011.08.21"]
[EventType "swiss"]
[EventRounds "9"]
[EventCountry "ITA"]
[SourceTitle "CBM 144 Extra"]
[Source "ChessBase"]
[SourceDate "2011.10.28"]
[SourceVersion "1"]
[SourceVersionDate "2011.10.28"]
[SourceQuality "1"]

1. d4 Nf6 2. Nf3 c5 3. e3 b6 4. c4 e6 5. Nc3 Bb7 6. d5 exd5 7. cxd5 d6 8. e4 a6 9. a4 g6 10. Bd3 Bg7 11. 0-0 0-0 12. Re1 Nbd7 13. Bf4 Ne8 14. Qd2 Rc8 15. Bh6 Bxh6 16. Qxh6 Qf6 17. Rad1 Nc7 18. e5 Nxe5 19. Nxe5 dxe5 20. Ne4 Qg7 21. Qxg7+ Kxg7 22. Nd6 Rb8 23. Nxb7 Rxb7 24. d6 Ne8 25. Bxa6 Rd7 26. Rxe5 Rxd6 27. Rxd6 Nxd6 28. Rd5 Rd8 29. f4 Nb7 30. Bxb7 1-0

[Event "Ceriano Laghetto op-B 20th"]
[Site "Ceriano Laghetto"]
[Date "2011.04.03"]
[Round "4"]
[White "Burani, Eugenio"]
[Black "Brioschi, Camillo"]
[Result "1-0"]
[WhiteElo "1901"]
[BlackElo "1853"]
[PlyCount "59"]
[EventDate "2011.04.01"]
[EventType "swiss"]
[EventRounds "5"]
[EventCountry "ITA"]
[SourceTitle "EXT 2023"]
[Source "ChessBase"]
[SourceDate "2022.10.05"]
[SourceVersion "1"]
[SourceVersionDate "2022.10.05"]
[SourceQuality "1"]

1. e4 e5 2. Nf3 Nc6 3. Bc4 Nf6 4. d3 Be7 5. 0-0 0-0 6. Re1 d6 7. a4 Bg4 8. Nbd2 Qd7 9. c3 Be6 10. b4 Bxc4 11. Nxc4 a6 12. Ne3 d5 13. exd5 Nxd5 14. Nxd5 Qxd5 15. c4 Qd6 16. b5 axb5 17. cxb5 Nd4 18. Ba3 Nxf3+ 19. Qxf3 Qe6 20. Bxe7 Qxe7 21. Qxb7 Qd6 22. Qe4 Rfd8 23. Qxe5 Qxd3 24. Qxc7 Rac8 25. Qe5 h6 26. h3 Rd5 27. Qe4 Rc2 28. Qxd3 Rxd3 29. b6 Rb2 30. a5 1-0